000 00350nam a22001457a 4500
008 210312b ||||| |||| 00| 0 eng d
020 _a9780205467266
041 _aeng
080 _26th
_a316
082 _26th
_a316
100 _a50
101 _aSOC
245 _aEssentials of Sociology A Down-to-Earth Approach
_cZumpetta,W.A
942 _2udc
_cBK
999 _c56491
_d56491